[Event "SLO-chT Central Superliga 15th"]
[Site "Slovenia"]
[Date "2014.10.09"]
[Round "5.4"]
[White "Korosec, Stefan"]
[Black "Jelen, Miha"]
[Result "0-1"]
[WhiteElo "1727"]
[BlackElo "1572"]
[PlyCount "139"]
[EventDate "2014.09.11"]
[EventType "team-tourn"]
[EventRounds "9"]
[EventCountry "SLO"]
[SourceTitle "EXT 2022"]
[Source "ChessBase"]
[SourceDate "2021.10.06"]
[SourceVersion "1"]
[SourceVersionDate "2021.10.06"]
[SourceQuality "1"]
[WhiteTeam "Barob Smarca"]
[BlackTeam "Ig"]
[WhiteTeamCountry "SLO"]
[BlackTeamCountry "SLO"]

1. e4 e5 2. Nf3 Nc6 3. Bb5 f5 4. exf5 d6 5. d3 Bxf5 6. h3 h6 7. Nc3 Nf6 8. 0-0 a6 9. Ba4 Be7 10. Bb3 Qd7 11. a4 g5 12. Nh2 0-0-0 13. Nd5 Rdf8 14. Ne3 Be6 15. Bxe6 Qxe6 16. Bd2 d5 17. c3 a5 18. Rb1 d4 19. Nc4 dxc3 20. Bxc3 b6 21. Qe2 Bd6 22. Rbc1 Kb7 23. Nxd6+ cxd6 24. Rfd1 d5 25. f3 d4 26. Be1 Nd5 27. Ng4 h5 28. Nf2 Nce7 29. Rb1 Ne3 30. Rdc1 Qb3 31. Ne4 N7d5 32. Bxa5 Nf4 33. Qd2 Nxd3 34. Nd6+ Ka6 35. Rc6 Rb8 36. Nb5 Nc4 37. Nc7+ Kb7 38. Rxc4 Qxc4 39. Nb5 Ka6 40. b3 Qg8 41. Qxd3 Kxa5 42. Qd2+ Ka6 43. Rc1 Qxb3 44. Qe2 Qe3+ 45. Qxe3 dxe3 46. Re1 Ka5 47. Rxe3 Rhe8 48. Nd6 Re7 49. Re4 Re6 50. Nc4+ Ka6 51. Kh2 Rbe8 52. Kg3 Kb7 53. h4 Rg8 54. hxg5 Rxg5+ 55. Kh3 Rf5 56. Re2 Rf4 57. Nb2 e4 58. Nd3 exd3 59. Rxe6 Rd4 60. Re1 Rxa4 61. Rd1 Rd4 62. Kg3 Kc6 63. Kf2 b5 64. Ke3 Kd5 65. Rxd3 Rxd3+ 66. Kxd3 b4 67. Kc2 Kd4 68. f4 h4 69. Kb3 Ke4 70. Kxb4 0-1

[Event "SLO-chT Central Superliga 15th"]
[Site "Slovenia"]
[Date "2014.09.25"]
[Round "3.3"]
[White "Korosec, Stefan"]
[Black "Bernik, Alja"]
[Result "1/2-1/2"]
[WhiteElo "1727"]
[BlackElo "1774"]
[PlyCount "64"]
[EventDate "2014.09.11"]
[EventType "team-tourn"]
[EventRounds "9"]
[EventCountry "SLO"]
[SourceTitle "EXT 2022"]
[Source "ChessBase"]
[SourceDate "2021.10.06"]
[SourceVersion "1"]
[SourceVersionDate "2021.10.06"]
[SourceQuality "1"]
[WhiteTeam "Barob Smarca"]
[BlackTeam "Komenda Pogi"]
[WhiteTeamCountry "SLO"]
[BlackTeamCountry "SLO"]

1. e4 e5 2. Nf3 Nc6 3. Bb5 Bc5 4. d3 d6 5. h3 Nge7 6. 0-0 0-0 7. a3 h6 8. Nc3 a6 9. Bc4 Kh8 10. Be3 Ba7 11. Qd2 Kh7 12. Nh2 f5 13. Bxa7 Rxa7 14. f4 exf4 15. Rxf4 Ng6 16. Rf2 fxe4 17. Rxf8 Nxf8 18. dxe4 Ne5 19. Bd3 Be6 20. Nd5 Nfg6 21. Nf4 Qg5 22. Rf1 Bxh3 23. Rf2 Bd7 24. Nxg6 Qxg6 25. Nf3 Nxf3+ 26. Rxf3 Kg8 27. e5 Qg4 28. exd6 Qd4+ 29. Qf2 Qxf2+ 30. Kxf2 cxd6 31. Bc4+ Kh7 32. Bd3+ Kg8 1/2-1/2

[Event "Ljubljana op 2nd"]
[Site "Ljubljana"]
[Date "2013.05.08"]
[Round "4"]
[White "Markosek, Maj"]
[Black "Korosec, Stefan"]
[Result "1-0"]
[WhiteElo "1656"]
[BlackElo "1727"]
[PlyCount "111"]
[EventDate "2013.04.03"]
[EventType "swiss"]
[EventRounds "9"]
[EventCountry "SLO"]
[SourceTitle "EXT 2023"]
[Source "ChessBase"]
[SourceDate "2022.10.05"]
[SourceVersion "1"]
[SourceVersionDate "2022.10.05"]
[SourceQuality "1"]

1. d4 Nf6 2. c4 g6 3. Nc3 e6 4. e4 d6 5. f3 Bg7 6. Be3 0-0 7. Qd2 e5 8. Nge2 c6 9. d5 cxd5 10. cxd5 Nbd7 11. Ng3 Nb6 12. Be2 Bd7 13. 0-0 Ne8 14. f4 f5 15. fxe5 dxe5 16. Bc5 Rf7 17. Rad1 Rc8 18. Ba3 f4 19. Nh1 Nc4 20. Bxc4 Rxc4 21. Qe2 Rc8 22. Rd2 Qg5 23. Rf3 Bg4 24. Nf2 Bxf3 25. Qxf3 Rd7 26. Nd3 b6 27. Rd1 Nd6 28. Qh3 Rcd8 29. b3 Rf7 30. Qf3 h5 31. Nb4 Qg4 32. Qxg4 hxg4 33. Nc6 Rdd7 34. Nb8 Rc7 35. Nc6 Nb7 36. Nb5 Rcd7 37. Nbxa7 Nc5 38. Bxc5 bxc5 39. Nb5 f3 40. g3 f2+ 41. Kf1 Rf3 42. d6 Rf8 43. Nc7 Bf6 44. a4 Rc8 45. Rd5 Rdxc7 46. dxc7 Rxc7 47. Rxc5 Bg5 48. Kxf2 Bd2 49. Rc4 Rb7 50. b4 Rc7 51. b5 Rf7+ 52. Ke2 Bh6 53. a5 Rf3 54. b6 Re3+ 55. Kd1 Rb3 56. Rb4 1-0

[Event "Ljubljana op 2nd"]
[Site "Ljubljana"]
[Date "2013.04.17"]
[Round "2"]
[White "Korosec, Stefan"]
[Black "Bratkovic, Jakob"]
[Result "0-1"]
[WhiteElo "1727"]
[BlackElo "1949"]
[PlyCount "52"]
[EventDate "2013.04.03"]
[EventType "swiss"]
[EventRounds "9"]
[EventCountry "SLO"]
[SourceTitle "EXT 2023"]
[Source "ChessBase"]
[SourceDate "2022.10.05"]
[SourceVersion "1"]
[SourceVersionDate "2022.10.05"]
[SourceQuality "1"]

1. e4 c5 2. Nf3 Nc6 3. d4 cxd4 4. Nxd4 e5 5. Nb5 d6 6. N1c3 a6 7. Na3 Be7 8. Nd5 Nf6 9. Be3 Nxd5 10. exd5 Nb8 11. c3 Nd7 12. Nc2 0-0 13. Be2 f5 14. 0-0 f4 15. Bd2 Nf6 16. c4 g5 17. f3 Bf5 18. Kh1 h5 19. g3 fxg3 20. Bxg5 Bh3 21. Re1 g2+ 22. Kg1 Nh7 23. Bxe7 Qxe7 24. Qd2 Ng5 25. Ne3 Qg7 26. Qd3 Bf5 0-1

[Event "Ljubljana op 1st"]
[Site "Ljubljana"]
[Date "2013.03.19"]
[Round "5"]
[White "Korosec, Stefan"]
[Black "Mauric, Miha"]
[Result "1/2-1/2"]
[WhiteElo "1744"]
[BlackElo "1788"]
[PlyCount "51"]
[EventDate "2013.01.09"]
[EventType "swiss"]
[EventRounds "9"]
[EventCountry "SLO"]
[SourceTitle "EXT 2023"]
[Source "ChessBase"]
[SourceDate "2022.10.05"]
[SourceVersion "1"]
[SourceVersionDate "2022.10.05"]
[SourceQuality "1"]

1. e4 c6 2. d4 d5 3. Nc3 dxe4 4. Nxe4 Bf5 5. Ng3 Bg6 6. Nf3 Nf6 7. Be2 Nbd7 8. 0-0 e6 9. c3 Bd6 10. Bd3 Bxd3 11. Qxd3 Qc7 12. Ng5 0-0 13. c4 h6 14. N5e4 Bf4 15. b3 Rfd8 16. Bb2 Nxe4 17. Qxe4 Nf6 18. Qf3 Bg5 19. Qe2 Qf4 20. Rad1 Rd7 21. Rd3 Rad8 22. Rfd1 Re8 23. Bc1 Qh4 24. Bxg5 Qxg5 25. Ne4 Nxe4 26. Qxe4 1/2-1/2

[Event "Ljubljana-chT 66th 1st League"]
[Site "Ljubljana"]
[Date "2013.01.24"]
[Round "3.4"]
[White "Kojek, Zala"]
[Black "Korosec, Stefan"]
[Result "0-1"]
[WhiteElo "1394"]
[BlackElo "1744"]
[PlyCount "82"]
[EventDate "2013.01.10"]
[EventType "team-tourn"]
[EventRounds "9"]
[EventCountry "SLO"]
[SourceTitle "EXT 2022"]
[Source "ChessBase"]
[SourceDate "2021.10.06"]
[SourceVersion "1"]
[SourceVersionDate "2021.10.06"]
[SourceQuality "1"]
[WhiteTeam "Kocevje"]
[BlackTeam "Barob Smarca"]
[WhiteTeamCountry "SLO"]
[BlackTeamCountry "SLO"]

1. d4 Nf6 2. Nf3 e6 3. Bf4 d5 4. e3 Nbd7 5. Bd3 c5 6. c3 c4 7. Be2 b5 8. Nbd2 Bb7 9. 0-0 a5 10. a3 Be7 11. h3 0-0 12. Qc2 h6 13. Bh2 Re8 14. Rfe1 Nf8 15. b3 Bd6 16. Bxd6 Qxd6 17. Ne5 N6d7 18. Ndf3 Qe7 19. b4 a4 20. Bf1 Nf6 21. Nd2 N6h7 22. Be2 Nd7 23. Nxd7 Qxd7 24. Bf3 e5 25. dxe5 Rxe5 26. Rad1 Qe7 27. e4 f5 28. Kf1 fxe4 29. Bg4 Rf8 30. Be2 Qf6 31. f3 e3 32. Nb1 Qh4 33. Kg1 Qf2+ 34. Kh1 Rg5 35. Rg1 Rxf3 36. Rdf1 Qg3 37. Bd1 Bc8 38. Re1 Bf5 39. Qb2 Rh5 40. Bxf3 Rh4 41. Re2 Bd3 0-1

[Event "SLO-chT 1st League Central"]
[Site "Ljubljana"]
[Date "2012.10.04"]
[Round "5.4"]
[White "Korosec, Stefan"]
[Black "Grcar, Janez"]
[Result "1/2-1/2"]
[WhiteElo "1759"]
[BlackElo "1684"]
[PlyCount "120"]
[EventDate "2012.09.06"]
[EventType "team-swiss"]
[EventRounds "9"]
[EventCountry "SLO"]
[SourceTitle "EXT 2019"]
[Source "ChessBase"]
[SourceDate "2018.10.10"]
[SourceVersion "1"]
[SourceVersionDate "2018.10.10"]
[SourceQuality "1"]
[WhiteTeam "Barob Smarca"]
[BlackTeam "Kamnik DU"]
[WhiteTeamCountry "SLO"]
[BlackTeamCountry "SLO"]

1. e4 c5 2. Nf3 d6 3. d4 cxd4 4. Nxd4 Nc6 5. Nc3 a6 6. Be3 Nf6 7. Be2 g6 8. Qd2 Bd7 9. f4 Qc7 10. 0-0 h5 11. h3 Bh6 12. f5 Bxe3+ 13. Qxe3 Ne5 14. fxg6 fxg6 15. Kh1 0-0-0 16. Nd5 Nxd5 17. exd5 Qc5 18. c4 Rdf8 19. a3 Kb8 20. b4 Qc8 21. c5 Qe8 22. c6 Bc8 23. Nb3 Qd8 24. Rac1 Qc7 25. b5 b6 26. bxa6 e6 27. Rb1 exd5 28. Na5 Ka7 29. Rfc1 Bf5 30. Rb4 Re8 31. Qb3 Rb8 32. Nb7 Be4 33. a4 Nd7 34. Nxd6 Qxd6 35. c7 Qxc7 36. Bb5 Qd6 37. Qg3 Rhc8 38. Rxc8 Rxc8 39. Rb2 Rc1+ 40. Kh2 Qc5 41. Rf2 Bf5 42. Qf4 Qc7 43. Qxc7+ Rxc7 44. Re2 Be4 45. Rf2 g5 46. g3 g4 47. h4 Bf3 48. Kg1 Rc1+ 49. Rf1 Rc2 50. Rf2 Rc3 51. Rd2 Be4 52. Kh2 Rf3 53. Rb2 d4 54. Re2 Re3 55. Rxe3 dxe3 56. Kg1 Bf3 57. Kf1 Bd1 58. Ke1 Bf3 59. Kf1 e2+ 60. Ke1 Kb8 1/2-1/2

[Event "Ljubljana Autumn op"]
[Site "Ljubljana"]
[Date "2012.10.02"]
[Round "4"]
[White "More, Erlend"]
[Black "Korosec, Stefan"]
[Result "1/2-1/2"]
[WhiteElo "1652"]
[BlackElo "1759"]
[PlyCount "41"]
[EventDate "2012.09.05"]
[EventType "swiss"]
[EventRounds "9"]
[EventCountry "SLO"]
[SourceTitle "EXT 2023"]
[Source "ChessBase"]
[SourceDate "2022.10.05"]
[SourceVersion "1"]
[SourceVersionDate "2022.10.05"]
[SourceQuality "1"]

1. d4 Nf6 2. c4 e6 3. Nf3 d5 4. Nc3 Nbd7 5. Bg5 Be7 6. e3 h6 7. Bxf6 Nxf6 8. Bd3 0-0 9. 0-0 b6 10. cxd5 Nxd5 11. Be4 Bb7 12. Nxd5 Bxd5 13. Bxd5 Qxd5 14. a3 c5 15. dxc5 Qxc5 16. Rc1 Qa5 17. Rc7 Bf6 18. Qb3 Rfd8 19. Rfc1 Qf5 20. Qb4 g5 21. h3 1/2-1/2

[Event "SLO-chT 1st League Central"]
[Site "Ljubljana"]
[Date "2012.09.27"]
[Round "4.4"]
[White "Skok, Vladimir"]
[Black "Korosec, Stefan"]
[Result "1/2-1/2"]
[WhiteElo "1676"]
[BlackElo "1759"]
[PlyCount "117"]
[EventDate "2012.09.06"]
[EventType "team-swiss"]
[EventRounds "9"]
[EventCountry "SLO"]
[SourceTitle "EXT 2019"]
[Source "ChessBase"]
[SourceDate "2018.10.10"]
[SourceVersion "1"]
[SourceVersionDate "2018.10.10"]
[SourceQuality "1"]
[WhiteTeam "Loka Pri Mengsu"]
[BlackTeam "Barob Smarca"]
[WhiteTeamCountry "SLO"]
[BlackTeamCountry "SLO"]

1. e4 e5 2. Nf3 Nc6 3. Bb5 Nge7 4. d3 h6 5. h3 a6 6. Ba4 d6 7. a3 b5 8. Bb3 Ng6 9. Nc3 Be7 10. 0-0 0-0 11. Bd5 Bb7 12. b4 Rb8 13. Be3 Kh7 14. Kh2 Qd7 15. Qd2 Bf6 16. Ne2 Nge7 17. c4 Nxd5 18. cxd5 Ne7 19. Rac1 Rbc8 20. Ng3 Ng8 21. Nf5 c6 22. Nxd6 Qxd6 23. Bc5 Qd8 24. Bxf8 Qxf8 25. dxc6 Rxc6 26. Rxc6 Bxc6 27. Rc1 Qd6 28. Rc5 Bd8 29. g3 f6 30. Qc2 Ne7 31. d4 Bb6 32. dxe5 fxe5 33. Rxe5 Ng6 34. Rf5 Qe6 35. Rh5 Kg8 36. Qe2 Qxe4 37. Qxe4 Bxe4 38. Ne5 Nxe5 39. Rxe5 Bc2 40. Kg2 Kf7 41. f4 Bb3 42. g4 Bd4 43. Re2 Bc4 44. Rd2 Be3 45. Rd6 Bxf4 46. Rxa6 Bc1 47. Kg3 Bb3 48. Rd6 Bb2 49. Rd3 Ba4 50. Re3 Kf6 51. Kf3 Bd4 52. Re4 Bb2 53. Re3 Bc1 54. Rc3 Bb2 55. Re3 Bd4 56. Re4 Bd1+ 57. Kg2 Bb2 58. Re3 Ba4 59. Kf3 1/2-1/2

[Event "SLO-chT 1st League Central"]
[Site "Ljubljana"]
[Date "2012.09.20"]
[Round "3.4"]
[White "Varga, Ivan"]
[Black "Korosec, Stefan"]
[Result "0-1"]
[WhiteElo "1512"]
[BlackElo "1759"]
[PlyCount "88"]
[EventDate "2012.09.06"]
[EventType "team-swiss"]
[EventRounds "9"]
[EventCountry "SLO"]
[SourceTitle "EXT 2019"]
[Source "ChessBase"]
[SourceDate "2018.10.10"]
[SourceVersion "1"]
[SourceVersionDate "2018.10.10"]
[SourceQuality "1"]
[WhiteTeam "Agencija Za Nepremicnine"]
[BlackTeam "Barob Smarca"]
[WhiteTeamCountry "SLO"]
[BlackTeamCountry "SLO"]

1. d4 Nf6 2. Nc3 e6 3. a3 d5 4. Bg5 Be7 5. Bxf6 Bxf6 6. Nf3 Nd7 7. e4 dxe4 8. Nxe4 Be7 9. Bc4 0-0 10. h4 Nb6 11. Bd3 Nd5 12. Nfg5 h6 13. Qh5 Nf4 14. Qf3 Nxd3+ 15. Qxd3 f5 16. Ng3 hxg5 17. hxg5 Bxg5 18. Nh5 Bh6 19. c3 Qg5 20. g3 b6 21. f4 Qe7 22. Qf3 Rb8 23. Qe2 Bb7 24. Rh2 Rbd8 25. 0-0-0 c5 26. Qe3 cxd4 27. cxd4 Be4 28. Rdd2 Qb7 29. Kd1 Bf3+ 30. Ke1 Qe4 31. Qxe4 Bxe4 32. Rhf2 Rd6 33. g4 fxg4 34. Ng3 Bf3 35. Nh5 Rc8 36. Rxf3 gxf3 37. Kf2 Rd5 38. Ng3 Bxf4 39. Rd3 Bxg3+ 40. Kxg3 Rf8 41. Kf2 e5 42. b3 e4 43. Rd1 Rfd8 44. Ke3 Rxd4 0-1

[Event "Ljubljana Winter op"]
[Site "Ljubljana"]
[Date "2012.04.03"]
[Round "9"]
[White "Korosec, Stefan"]
[Black "Cizman, Gregor"]
[Result "1/2-1/2"]
[WhiteElo "1760"]
[BlackElo "1823"]
[PlyCount "44"]
[EventDate "2012.01.04"]
[EventType "swiss"]
[EventRounds "9"]
[EventCountry "SLO"]
[SourceTitle "EXT 2023"]
[Source "ChessBase"]
[SourceDate "2022.10.05"]
[SourceVersion "1"]
[SourceVersionDate "2022.10.05"]
[SourceQuality "1"]

1. e4 d5 2. exd5 Qxd5 3. Nc3 Qa5 4. d4 c6 5. Nf3 Nf6 6. Bc4 Bg4 7. h3 Bxf3 8. Qxf3 e6 9. 0-0 Bd6 10. a3 a6 11. b4 Qc7 12. Bd3 0-0 13. Ne4 Nxe4 14. Qxe4 g6 15. Qf3 Nd7 16. Bh6 Rfe8 17. Rfe1 Bf8 18. Bf4 Bd6 19. Bxd6 Qxd6 20. c3 Kg7 21. Re2 Rad8 22. Rae1 Nf6 1/2-1/2

[Event "Ljubljana Winter op"]
[Site "Ljubljana"]
[Date "2012.03.20"]
[Round "7"]
[White "Korosec, Stefan"]
[Black "Urh, Zala"]
[Result "1-0"]
[WhiteElo "1760"]
[BlackElo "1461"]
[PlyCount "59"]
[EventDate "2012.01.04"]
[EventType "swiss"]
[EventRounds "9"]
[EventCountry "SLO"]
[SourceTitle "EXT 2023"]
[Source "ChessBase"]
[SourceDate "2022.10.05"]
[SourceVersion "1"]
[SourceVersionDate "2022.10.05"]
[SourceQuality "1"]

1. e4 e5 2. Nf3 Nc6 3. Bb5 a6 4. Ba4 Nf6 5. 0-0 b5 6. Bb3 Be7 7. Re1 d6 8. c3 0-0 9. h3 Bb7 10. d3 Re8 11. Ng5 Rf8 12. Be3 d5 13. exd5 Nxd5 14. Ne4 Kh8 15. Bc5 f6 16. Nbd2 Nb6 17. Qe2 Qd7 18. Rad1 Rad8 19. Bc2 f5 20. Bxe7 Qxe7 21. Ng3 Qd6 22. Qh5 Qg6 23. Qxg6 hxg6 24. Nf3 Rfe8 25. Ng5 Re7 26. f4 Rdd7 27. fxe5 Rxe5 28. Bb3 Rde7 29. Nf7+ Rxf7 30. Bxf7 1-0

[Event "Ljubljana Winter op"]
[Site "Ljubljana"]
[Date "2012.03.14"]
[Round "8"]
[White "Drobnic, Milan"]
[Black "Korosec, Stefan"]
[Result "0-1"]
[WhiteElo "1679"]
[BlackElo "1760"]
[PlyCount "68"]
[EventDate "2012.01.04"]
[EventType "swiss"]
[EventRounds "9"]
[EventCountry "SLO"]
[SourceTitle "EXT 2023"]
[Source "ChessBase"]
[SourceDate "2022.10.05"]
[SourceVersion "1"]
[SourceVersionDate "2022.10.05"]
[SourceQuality "1"]

1. e4 e5 2. Nf3 Nc6 3. Bc4 Bc5 4. c3 Nf6 5. d3 h6 6. Bb3 d6 7. Nbd2 0-0 8. h3 a6 9. Nf1 Be6 10. Bc2 Ne7 11. Ng3 Ng6 12. 0-0 Ba7 13. Re1 c6 14. Be3 Bxe3 15. Rxe3 Nf4 16. Bb3 Rb8 17. Bxe6 fxe6 18. Re1 Qe7 19. Ne2 N6h5 20. Nxf4 Nxf4 21. Nh2 Qg5 22. Qf3 Rf7 23. Rad1 Rbf8 24. Qg4 Qf6 25. f3 Qe7 26. Qg3 Rf6 27. Qh4 Nxg2 28. Kxg2 Rg6+ 29. Qg4 Rxg4+ 30. fxg4 Qg5 31. Re2 Rf4 32. Rf1 Rxf1 33. Kxf1 Qc1+ 34. Kf2 Qd1 0-1

[Event "Ljubljana-chT 65th 1st League"]
[Site "Ljubljana"]
[Date "2012.03.01"]
[Round "6.4"]
[White "Sokac, Stefan"]
[Black "Korosec, Stefan"]
[Result "1/2-1/2"]
[WhiteElo "1602"]
[BlackElo "1760"]
[PlyCount "118"]
[EventDate "2012.01.12"]
[EventType "team-tourn"]
[EventRounds "9"]
[EventCountry "SLO"]
[SourceTitle "EXT 2022"]
[Source "ChessBase"]
[SourceDate "2021.10.06"]
[SourceVersion "1"]
[SourceVersionDate "2021.10.06"]
[SourceQuality "1"]
[WhiteTeam "Zelenci LPP"]
[BlackTeam "Barob Smarca"]
[WhiteTeamCountry "SLO"]
[BlackTeamCountry "SLO"]

1. e4 e5 2. Nf3 Nc6 3. Bc4 Bc5 4. c3 Nf6 5. d3 0-0 6. 0-0 h6 7. Bb3 d6 8. Re1 a6 9. Be3 Ba7 10. Bxa7 Rxa7 11. d4 exd4 12. Nxd4 Ne5 13. Ne2 Nxe4 14. Ng3 Nf6 15. Bc2 b5 16. Nd2 Bb7 17. Nde4 Neg4 18. f3 Nxe4 19. Nxe4 Nf6 20. Qd4 Bxe4 21. fxe4 c5 22. Qf2 Re7 23. Rad1 Qc7 24. Qg3 Rd8 25. Qf4 Re5 26. Rd2 Rde8 27. Red1 R8e6 28. h3 Nxe4 29. Bxe4 Rxe4 30. Qf3 Re1+ 31. Kf2 Rxd1 32. Qa8+ Kh7 33. Rxd1 Qb6 34. Qd5 c4+ 35. Rd4 Qd8 36. Rf4 Qe7 37. Qd2 Qg5 38. Qc2+ Kg8 39. g4 Qc5+ 40. Rd4 Qe5 41. Qd2 Rg6 42. Rf4 Qg5 43. Qe3 Qc5 44. Rd4 Re6 45. Qd2 Rf6+ 46. Kg1 Qe5 47. Kg2 Re6 48. Kf2 g5 49. Rd5 Rf6+ 50. Kg2 Qe4+ 51. Kh2 Qe7 52. Kg2 Re6 53. Kf2 Qa7+ 54. Rd4 Rf6+ 55. Kg1 Qc5 56. Kg2 Qc6+ 57. Kh2 Qc5 58. Qe2 Re6 59. Qd2 Qe5+ 1/2-1/2

[Event "Ljubljana Winter op"]
[Site "Ljubljana"]
[Date "2012.02.15"]
[Round "5"]
[White "Unuk, Laura"]
[Black "Korosec, Stefan"]
[Result "1-0"]
[WhiteElo "1845"]
[BlackElo "1760"]
[PlyCount "43"]
[EventDate "2012.01.04"]
[EventType "swiss"]
[EventRounds "9"]
[EventCountry "SLO"]
[SourceTitle "EXT 2023"]
[Source "ChessBase"]
[SourceDate "2022.10.05"]
[SourceVersion "1"]
[SourceVersionDate "2022.10.05"]
[SourceQuality "1"]

1. d4 Nf6 2. c4 e6 3. Nf3 d5 4. Nc3 c6 5. Bg5 h6 6. Bh4 Be7 7. e3 Nbd7 8. Bd3 dxc4 9. Bxc4 b5 10. Bd3 a6 11. 0-0 Bb7 12. Qe2 c5 13. dxc5 Nxc5 14. Bc2 Qc7 15. Rac1 Rc8 16. Rfd1 Ncd7 17. a3 Qb6 18. Nb1 0-0 19. Rxd7 Nxd7 20. Bxe7 Rfe8 21. Qd3 Rxe7 22. Qh7+ 1-0

[Event "Ljubljana Winter op"]
[Site "Ljubljana"]
[Date "2012.01.11"]
[Round "2"]
[White "Trpin, Alenka"]
[Black "Korosec, Stefan"]
[Result "1/2-1/2"]
[WhiteElo "1783"]
[BlackElo "1760"]
[PlyCount "80"]
[EventDate "2012.01.04"]
[EventType "swiss"]
[EventRounds "9"]
[EventCountry "SLO"]
[SourceTitle "EXT 2023"]
[Source "ChessBase"]
[SourceDate "2022.10.05"]
[SourceVersion "1"]
[SourceVersionDate "2022.10.05"]
[SourceQuality "1"]

1. d4 Nf6 2. c4 e6 3. a3 d5 4. Nc3 c6 5. Nf3 Bd6 6. Bg5 Nbd7 7. e3 h6 8. Bh4 0-0 9. Be2 b6 10. cxd5 exd5 11. 0-0 Re8 12. Rc1 Bb7 13. b4 a5 14. Qb3 axb4 15. axb4 b5 16. Bg3 Nb6 17. Bxd6 Qxd6 18. Ra1 Nc4 19. Bxc4 dxc4 20. Qb2 Nd5 21. Nxd5 cxd5 22. Ra5 Rxa5 23. bxa5 b4 24. Rb1 b3 25. Qc3 Ba6 26. Nd2 f5 27. Nxb3 Qa3 28. Qa1 Qxa1 29. Nxa1 c3 30. Rc1 Rb8 31. g3 Bd3 32. Kg2 Be4+ 33. Kh3 Ra8 34. Rxc3 Rxa5 35. Nb3 Ra2 36. g4 Rxf2 37. gxf5 Rxf5 38. Nd2 Rh5+ 39. Kg3 Rg5+ 40. Kf4 Rf5+ 1/2-1/2